[Event "Skalica op-A"]
[Site "Skalica"]
[Date "2023.08.25"]
[Round "7"]
[White "Manik, Mikulas"]
[Black "Srbis, Jurica"]
[Result "1/2-1/2"]
[WhiteElo "2319"]
[BlackElo "2412"]
[PlyCount "41"]
[EventDate "2023.08.19"]
[EventType "swiss"]
[EventRounds "9"]
[EventCountry "SVK"]
[SourceTitle "CBM 215 Extra"]
[Source "ChessBase"]
[SourceDate "2023.09.30"]
[SourceVersion "1"]
[SourceVersionDate "2023.09.30"]
[SourceQuality "1"]

1. e4 e5 2. Nf3 Nc6 3. Bb5 a6 4. Ba4 Nf6 5. d3 d6 6. c3 g6 7. 0-0 Bg7 8. Re1 0-0 9. Nbd2 h6 10. Nf1 b5 11. Bb3 d5 12. Ng3 Bb7 13. exd5 Nxd5 14. Ne4 f5 15. Nc5 Bc8 16. d4 e4 17. Ne5 Nxe5 18. dxe5 c6 19. a4 bxa4 20. Rxa4 Kh7 21. Bxd5 1/2-1/2

[Event "Skalica op-A"]
[Site "Skalica"]
[Date "2023.08.24"]
[Round "6"]
[White "Srbis, Jurica"]
[Black "Mladek, Richard"]
[Result "1/2-1/2"]
[WhiteElo "2412"]
[BlackElo "2368"]
[PlyCount "127"]
[EventDate "2023.08.19"]
[EventType "swiss"]
[EventRounds "9"]
[EventCountry "SVK"]
[SourceTitle "CBM 215 Extra"]
[Source "ChessBase"]
[SourceDate "2023.09.30"]
[SourceVersion "1"]
[SourceVersionDate "2023.09.30"]
[SourceQuality "1"]

1. e4 c5 2. Nf3 d6 3. Bb5+ Nd7 4. d4 cxd4 5. Qxd4 a6 6. Bxd7+ Bxd7 7. Nc3 Nf6 8. Bg5 e6 9. e5 dxe5 10. Nxe5 Bc6 11. Nxc6 bxc6 12. Qc4 Qc7 13. Bxf6 gxf6 14. 0-0 Bg7 15. Qc5 0-0-0 16. Qa3 Kb7 17. Na4 Bf8 18. Qb3+ Ka7 19. Qe3+ c5 20. Rfd1 Bd6 21. g3 h5 22. b3 Qc6 23. Rd3 h4 24. Qf3 Qxf3 25. Rxf3 Be5 26. c3 Rh5 27. Re1 hxg3 28. hxg3 Rdh8 29. Kf1 Rh1+ 30. Ke2 Rxe1+ 31. Kxe1 Rh1+ 32. Kd2 c4 33. Nb2 cxb3 34. axb3 f5 35. g4 fxg4 36. Rxf7+ Kb8 37. Nd3 Bd6 38. Rg7 Rb1 39. b4 Rg1 40. Rg6 g3 41. fxg3 Rg2+ 42. Kc1 Rxg3 43. Rxg3 Bxg3 44. Nc5 Ka7 45. Nxe6 Be1 46. Kc2 Kb6 47. Nd4 a5 48. bxa5+ Kxa5 49. c4 Kb4 50. Kd3 Bf2 51. Nc6+ Kc5 52. Ne5 Kb4 53. Nf3 Bb6 54. Nd4 Kc5 55. Kc3 Ba5+ 56. Kd3 Bb6 57. Nb3+ Kb4 58. Nc1 Bg1 59. Na2+ Kb3 60. Nc3 Kb4 61. Ne2 Bf2 62. Nf4 Bg1 63. Nd5+ Kb3 64. c5 1/2-1/2

[Event "Skalica op-A"]
[Site "Skalica"]
[Date "2023.08.22"]
[Round "4"]
[White "Srbis, Jurica"]
[Black "Movsesian, Julia"]
[Result "1-0"]
[WhiteElo "2412"]
[BlackElo "2267"]
[PlyCount "79"]
[EventDate "2023.08.19"]
[EventType "swiss"]
[EventRounds "9"]
[EventCountry "SVK"]
[SourceTitle "CBM 215 Extra"]
[Source "ChessBase"]
[SourceDate "2023.09.30"]
[SourceVersion "1"]
[SourceVersionDate "2023.09.30"]
[SourceQuality "1"]

1. e4 e5 2. Nf3 Nc6 3. Bb5 a6 4. Ba4 Nf6 5. 0-0 Be7 6. Re1 b5 7. Bb3 0-0 8. a4 Bb7 9. d3 d6 10. Bd2 Nd7 11. axb5 axb5 12. Rxa8 Bxa8 13. Nc3 Na5 14. Ba2 b4 15. Nd5 c5 16. c3 bxc3 17. bxc3 Nb6 18. Nxe7+ Qxe7 19. d4 Nac4 20. Bg5 Qa7 21. Qe2 Qa4 22. dxc5 dxc5 23. Nh4 Kh8 24. Be7 Rc8 25. Nf5 Rc6 26. Rd1 h6 27. h3 Kh7 28. Rd8 Rg6 29. Bxc4 Nxc4 30. Rxa8 Qxa8 31. Qxc4 Qa3 32. Bxc5 Qc1+ 33. Kh2 Qg5 34. g3 Re6 35. Be3 Qd8 36. Qd5 Qe8 37. c4 Qa4 38. c5 Qc2 39. Qd8 Rf6 40. Qf8 1-0

[Event "CRO Cup"]
[Site "Mali Losinj"]
[Date "2023.05.14"]
[Round "6.1"]
[White "Srbis, Jurica"]
[Black "Plenca, Jadranko"]
[Result "1/2-1/2"]
[WhiteElo "2433"]
[BlackElo "2441"]
[PlyCount "29"]
[EventDate "2023.05.10"]
[EventType "team-swiss"]
[EventRounds "6"]
[EventCountry "CRO"]
[SourceTitle "CBM 214 Extra"]
[Source "ChessBase"]
[SourceDate "2023.07.31"]
[SourceVersion "1"]
[SourceVersionDate "2023.07.31"]
[SourceQuality "1"]
[WhiteTeam "Rijeka Liburnija"]
[BlackTeam "Split Mornar"]
[WhiteTeamCountry "CRO"]
[BlackTeamCountry "CRO"]

1. e4 e5 2. Nf3 Nc6 3. Bb5 a6 4. Ba4 Nf6 5. 0-0 Be7 6. Re1 b5 7. Bb3 d6 8. c3 0-0 9. h3 Nb8 10. d4 Nbd7 11. Nbd2 c5 12. Nf1 Re8 13. Ng3 Bf8 14. a4 Bb7 15. Bc2 1/2-1/2

[Event "CRO Cup"]
[Site "Mali Losinj"]
[Date "2023.05.13"]
[Round "5.1"]
[White "Kurajica, Bojan"]
[Black "Srbis, Jurica"]
[Result "1-0"]
[WhiteElo "2484"]
[BlackElo "2433"]
[PlyCount "39"]
[EventDate "2023.05.10"]
[EventType "team-swiss"]
[EventRounds "6"]
[EventCountry "CRO"]
[SourceTitle "CBM 214 Extra"]
[Source "ChessBase"]
[SourceDate "2023.07.31"]
[SourceVersion "1"]
[SourceVersionDate "2023.07.31"]
[SourceQuality "1"]
[WhiteTeam "Solin Cemex"]
[BlackTeam "Rijeka Liburnija"]
[WhiteTeamCountry "CRO"]
[BlackTeamCountry "CRO"]

1. Nf3 Nf6 2. c4 g6 3. b3 Bg7 4. Bb2 0-0 5. g3 d6 6. d4 e5 7. dxe5 Ng4 8. Nc3 Nxe5 9. Bg2 Nbc6 10. Nxe5 dxe5 11. 0-0 Bf5 12. Nd5 Re8 13. Qd2 Qc8 14. f4 exf4 15. Bxg7 Kxg7 16. Qb2+ Kh6 17. Rxf4 g5 18. Bh3 Re5 19. Rxf5 Rxf5 20. e4 1-0

[Event "CRO Cup"]
[Site "Mali Losinj"]
[Date "2023.05.10"]
[Round "1.1"]
[White "Podobnik, Marijan"]
[Black "Srbis, Jurica"]
[Result "0-1"]
[WhiteElo "2099"]
[BlackElo "2433"]
[PlyCount "72"]
[EventDate "2023.05.10"]
[EventType "team-swiss"]
[EventRounds "6"]
[EventCountry "CRO"]
[SourceTitle "CBM 214 Extra"]
[Source "ChessBase"]
[SourceDate "2023.07.31"]
[SourceVersion "1"]
[SourceVersionDate "2023.07.31"]
[SourceQuality "1"]
[WhiteTeam "Karlobag"]
[BlackTeam "Rijeka Liburnija"]
[WhiteTeamCountry "CRO"]
[BlackTeamCountry "CRO"]

1. e4 e5 2. Nf3 Nc6 3. Bb5 a6 4. Bxc6 dxc6 5. 0-0 Qd6 6. Na3 Be6 7. Ng5 Bd7 8. Nc4 Qg6 9. d4 f6 10. f4 0-0-0 11. Qd3 fxg5 12. Nxe5 Qe8 13. fxg5 Be6 14. Bf4 Bc5 15. c3 Ne7 16. Qg3 Bd6 17. Nd3 Bxf4 18. Nxf4 Ng6 19. b3 Bd7 20. Rae1 Rf8 21. Rf3 Nxf4 22. Rxf4 Rxf4 23. Qxf4 Qf8 24. Rf1 Qxf4 25. Rxf4 Be6 26. Kf2 Kd7 27. Ke3 Ke7 28. c4 Rf8 29. g3 Bf7 30. h4 b5 31. d5 bxc4 32. bxc4 cxd5 33. exd5 c6 34. Kd4 cxd5 35. cxd5 Rd8 36. Rf5 g6 0-1

[Event "Mitropa Cup"]
[Site "Mali Losinj"]
[Date "2023.04.19"]
[Round "9.14"]
[White "Stalmach, Richard"]
[Black "Srbis, Jurica"]
[Result "1-0"]
[WhiteElo "2417"]
[BlackElo "2451"]
[PlyCount "83"]
[EventDate "2023.04.11"]
[EventType "team-tourn"]
[EventRounds "9"]
[EventCountry "CRO"]
[SourceTitle "CBM 213 Extra"]
[Source "ChessBase"]
[SourceDate "2023.05.31"]
[SourceVersion "1"]
[SourceVersionDate "2023.05.31"]
[SourceQuality "1"]
[WhiteTeam "Czech Republic"]
[BlackTeam "Croatia"]
[WhiteTeamCountry "CZE"]
[BlackTeamCountry "CRO"]

1. d4 Nf6 2. c4 e6 3. Nf3 Bb4+ 4. Nbd2 0-0 5. a3 Be7 6. e4 d6 7. Be2 Nfd7 8. 0-0 e5 9. Re1 a5 10. Nf1 exd4 11. Nxd4 Nc5 12. Ng3 Bf6 13. Be3 a4 14. Qc2 Bxd4 15. Bxd4 Nb3 16. Rad1 Nxd4 17. Rxd4 Nd7 18. Qc3 Re8 19. f4 Qf6 20. Nh5 Qh6 21. g4 g6 22. g5 Qf8 23. Ng3 Qg7 24. h4 Nc5 25. e5 dxe5 26. fxe5 Qxe5 27. Rd8 Qe7 28. Rxe8+ Qxe8 29. Bf3 Qf8 30. h5 Be6 31. h6 Rd8 32. Bd5 c6 33. Bxe6 fxe6 34. Qe5 Qe7 35. Ne4 Nxe4 36. Rxe4 Rf8 37. Rd4 c5 38. Rd3 Re8 39. Kg2 b6 40. Kg3 Rf8 41. Rd6 Re8 42. Rxe6 1-0

[Event "Mitropa Cup"]
[Site "Mali Losinj"]
[Date "2023.04.14"]
[Round "4.2"]
[White "Sonis, Francesco"]
[Black "Srbis, Jurica"]
[Result "1-0"]
[WhiteElo "2554"]
[BlackElo "2451"]
[PlyCount "73"]
[EventDate "2023.04.11"]
[EventType "team-tourn"]
[EventRounds "9"]
[EventCountry "CRO"]
[SourceTitle "CBM 213 Extra"]
[Source "ChessBase"]
[SourceDate "2023.05.31"]
[SourceVersion "1"]
[SourceVersionDate "2023.05.31"]
[SourceQuality "1"]
[WhiteTeam "Italy"]
[BlackTeam "Croatia"]
[WhiteTeamCountry "ITA"]
[BlackTeamCountry "CRO"]

1. d4 Nf6 2. c4 e6 3. Nf3 c5 4. d5 exd5 5. cxd5 d6 6. Nc3 g6 7. Bf4 a6 8. a4 Bg7 9. e3 0-0 10. h3 Ne8 11. Be2 Nd7 12. 0-0 Qe7 13. Bh2 Rb8 14. Nd2 f5 15. Re1 Nc7 16. Nc4 Ne5 17. Nb6 Na8 18. Nxc8 Rbxc8 19. f4 Nd7 20. Bf3 Bxc3 21. bxc3 Nf6 22. Rb1 Rb8 23. c4 Ne4 24. Qc2 Rfe8 25. g4 Qf6 26. a5 b5 27. axb6 Nxb6 28. gxf5 gxf5 29. Kh1 Kh8 30. Rg1 Nc3 31. Rb3 Rxe3 32. Qg2 Ree8 33. Bg3 Rg8 34. Rxb6 Rxb6 35. Bh4 Qg6 36. Bf6+ Rg7 37. Bxc3 1-0

[Event "Mitropa Cup"]
[Site "Mali Losinj"]
[Date "2023.04.12"]
[Round "2.2"]
[White "Dobrovoljc, Vid"]
[Black "Srbis, Jurica"]
[Result "1-0"]
[WhiteElo "2370"]
[BlackElo "2451"]
[PlyCount "59"]
[EventDate "2023.04.11"]
[EventType "team-tourn"]
[EventRounds "9"]
[EventCountry "CRO"]
[SourceTitle "CBM 213 Extra"]
[Source "ChessBase"]
[SourceDate "2023.05.31"]
[SourceVersion "1"]
[SourceVersionDate "2023.05.31"]
[SourceQuality "1"]
[WhiteTeam "Slovenia"]
[BlackTeam "Croatia"]
[WhiteTeamCountry "SLO"]
[BlackTeamCountry "CRO"]

1. e4 e5 2. Nf3 Nc6 3. Bb5 a6 4. Ba4 Nf6 5. 0-0 Be7 6. d3 b5 7. Bb3 d6 8. c3 0-0 9. a4 Bd7 10. Bc2 Rb8 11. Nbd2 b4 12. Nc4 bxc3 13. bxc3 Be6 14. Ne3 h6 15. d4 exd4 16. Nxd4 Bd7 17. Qd3 a5 18. Nef5 Nxd4 19. Nxe7+ Qxe7 20. cxd4 Rfe8 21. f3 Nh7 22. Bd2 Ra8 23. Rae1 Nf8 24. f4 c5 25. d5 Bc8 26. Qg3 Ba6 27. Bc3 Ng6 28. Rf2 Qh4 29. Qxh4 Nxh4 30. f5 1-0

[Event "Titled Tuesday intern op 31st Jan Late"]
[Site "Chess.com INT"]
[Date "2023.01.31"]
[Round "3"]
[White "Migot, Tangi"]
[Black "Srbis, Jurica"]
[Result "1-0"]
[WhiteElo "2364"]
[BlackElo "2454"]
[PlyCount "111"]
[EventDate "2023.01.31"]
[EventType "swiss (blitz)"]
[EventRounds "11"]
[EventCountry "USA"]
[SourceTitle "CBM 212 Extra"]
[Source "ChessBase"]
[SourceDate "2023.03.31"]
[SourceVersion "1"]
[SourceVersionDate "2023.03.31"]
[SourceQuality "1"]

1. d4 Nf6 2. Nd2 d5 3. c4 c6 4. Ngf3 e6 5. e3 Nbd7 6. Bd3 Bd6 7. 0-0 0-0 8. e4 dxe4 9. Nxe4 Nxe4 10. Bxe4 Nf6 11. Bc2 c5 12. Bg5 h6 13. Bh4 cxd4 14. Qd3 Re8 15. Nxd4 g5 16. Bg3 Bxg3 17. hxg3 e5 18. Nb5 Qxd3 19. Bxd3 Rd8 20. Rfd1 Kf8 21. c5 Be6 22. Nd6 b6 23. Rac1 bxc5 24. Nb7 Rd4 25. Nxc5 Bxa2 26. Bf5 Rxd1+ 27. Rxd1 Re8 28. Ra1 Be6 29. Bxe6 fxe6 30. Rxa7 Re7 31. Ra6 Kf7 32. b4 Nd5 33. b5 Rc7 34. Nxe6 Rc1+ 35. Kh2 Nf6 36. f3 e4 37. Nd4 e3 38. Ra2 Rd1 39. Nf5 Nd5 40. Re2 Rd3 41. b6 Kg6 42. b7 Rb3 43. Nxe3 Nxe3 44. Rxe3 Rxb7 45. Re6+ Kg7 46. Kh3 Rf7 47. Kg4 Rb7 48. Kh5 Rb2 49. Rg6+ Kf7 50. Rxh6 Rxg2 51. Kg4 Kg7 52. Ra6 Kf7 53. Ra5 Kf6 54. Rf5+ Ke6 55. Rxg5 Kf6 56. f4 1-0

[Event "Titled Tuesday intern op 25th Oct Late"]
[Site "Chess.com INT"]
[Date "2022.10.25"]
[Round "3"]
[White "Sarana, Alexey"]
[Black "Srbis, Jurica"]
[Result "1-0"]
[WhiteElo "2662"]
[BlackElo "2442"]
[PlyCount "67"]
[EventDate "2022.10.25"]
[EventType "swiss (blitz)"]
[EventRounds "11"]
[EventCountry "USA"]
[SourceTitle "EXT 2024"]
[Source "ChessBase"]
[SourceDate "2023.10.10"]
[SourceVersion "1"]
[SourceVersionDate "2023.10.10"]
[SourceQuality "1"]

1. c4 Nf6 2. Nc3 g6 3. e4 d6 4. d4 Bg7 5. Be2 0-0 6. Be3 Na6 7. h3 e5 8. d5 Nc5 9. Qc2 a5 10. Nf3 Nh5 11. g3 f5 12. Bxc5 dxc5 13. exf5 Bxf5 14. Ne4 Nf6 15. Bd3 Nxe4 16. Bxe4 Bxe4 17. Qxe4 Qf6 18. Ke2 Ra6 19. Rad1 Qf5 20. Qxf5 gxf5 21. Ng5 Rb6 22. b3 a4 23. Ne6 axb3 24. Nxf8 Kxf8 25. axb3 Rxb3 26. Rb1 Ra3 27. Ra1 Rc3 28. Rhc1 Rb3 29. Rcb1 Rxb1 30. Rxb1 b6 31. d6 cxd6 32. Rxb6 Ke7 33. Rb7+ Kf6 34. Rd7 1-0

[Event "Titled Tuesday intern op 25th Oct Late"]
[Site "Chess.com INT"]
[Date "2022.10.25"]
[Round "1"]
[White "Srbis, Jurica"]
[Black "Sanchez, Roberto Daniel"]
[Result "1-0"]
[WhiteElo "2442"]
[BlackElo "1971"]
[PlyCount "79"]
[EventDate "2022.10.25"]
[EventType "swiss (blitz)"]
[EventRounds "11"]
[EventCountry "USA"]
[SourceTitle "EXT 2024"]
[Source "ChessBase"]
[SourceDate "2023.10.10"]
[SourceVersion "1"]
[SourceVersionDate "2023.10.10"]
[SourceQuality "1"]

1. d4 d5 2. c4 e6 3. Nc3 Nf6 4. cxd5 exd5 5. Bg5 Be7 6. e3 c6 7. Bd3 0-0 8. Qc2 h6 9. Bh4 a5 10. Nge2 Na6 11. a3 Bd7 12. 0-0 Re8 13. f3 c5 14. Bxf6 Bxf6 15. Nxd5 cxd4 16. Nxf6+ Qxf6 17. exd4 Rac8 18. Qd2 Nc7 19. Qxa5 Ne6 20. Qb4 Bc6 21. Rad1 Rcd8 22. Be4 Ng5 23. Ng3 Qf4 24. Bxc6 bxc6 25. Qd2 Qc7 26. Qc3 Rd5 27. Rc1 Re6 28. Kh1 Rg6 29. f4 Nh7 30. Ne4 Rh5 31. Qf3 Rd5 32. f5 Rgd6 33. Nxd6 Qxd6 34. Qf4 Qd7 35. Qb8+ Nf8 36. Rce1 Rxf5 37. Rxf5 Qxf5 38. h3 Qf2 39. Re8 Qf1+ 40. Kh2 1-0

[Event "CRO-chT1A 30th"]
[Site "Porec"]
[Date "2022.10.01"]
[Round "8.1"]
[White "Cvitan, Ognjen"]
[Black "Srbis, Jurica"]
[Result "1/2-1/2"]
[WhiteElo "2445"]
[BlackElo "2442"]
[PlyCount "41"]
[EventDate "2022.09.24"]
[EventType "team-tourn"]
[EventRounds "9"]
[EventCountry "CRO"]
[SourceTitle "CBM 210 Extra"]
[Source "ChessBase"]
[SourceDate "2022.11.30"]
[SourceVersion "1"]
[SourceVersionDate "2022.11.30"]
[SourceQuality "1"]
[WhiteTeam "Solin Cemex"]
[BlackTeam "Rijeka Liburnija"]
[WhiteTeamCountry "CRO"]
[BlackTeamCountry "CRO"]

1. d4 Nf6 2. c4 e6 3. Nf3 b6 4. Nc3 Bb7 5. a3 d5 6. cxd5 Nxd5 7. e3 Be7 8. Bb5+ c6 9. Bd3 Nd7 10. e4 Nxc3 11. bxc3 c5 12. 0-0 0-0 13. Re1 Rc8 14. e5 Re8 15. a4 Nf8 16. Be3 cxd4 17. cxd4 Ng6 18. Bb5 Rf8 19. Qe2 Qd5 20. Ba6 Rc7 21. Bxb7 1/2-1/2

[Event "BIH-chT 20th"]
[Site "Neum"]
[Date "2022.09.18"]
[Round "9.3"]
[White "Srbis, Jurica"]
[Black "Predojevic, Borki"]
[Result "1/2-1/2"]
[WhiteElo "2442"]
[BlackElo "2584"]
[PlyCount "25"]
[EventDate "2022.09.10"]
[EventType "team-tourn"]
[EventRounds "9"]
[EventCountry "BIH"]
[SourceTitle "CBM 210 Extra"]
[Source "ChessBase"]
[SourceDate "2022.11.30"]
[SourceVersion "1"]
[SourceVersionDate "2022.11.30"]
[SourceQuality "1"]
[WhiteTeam "Busovaca Hrasno"]
[BlackTeam "Sarajevo Bosna"]
[WhiteTeamCountry "BIH"]
[BlackTeamCountry "BIH"]

1. e4 c6 2. Nc3 d5 3. Nf3 Bg4 4. h3 Bxf3 5. Qxf3 e6 6. Be2 Nf6 7. 0-0 Be7 8. d4 dxe4 9. Qe3 Nbd7 10. Nxe4 Nxe4 11. Qxe4 a5 12. a4 0-0 13. c3 1/2-1/2

[Event "BIH-chT 20th"]
[Site "Neum"]
[Date "2022.09.10"]
[Round "1.2"]
[White "Brkic, Ante"]
[Black "Srbis, Jurica"]
[Result "1-0"]
[WhiteElo "2602"]
[BlackElo "2442"]
[PlyCount "89"]
[EventDate "2022.09.10"]
[EventType "team-tourn"]
[EventRounds "9"]
[EventCountry "BIH"]
[SourceTitle "CBM 210 Extra"]
[Source "ChessBase"]
[SourceDate "2022.11.30"]
[SourceVersion "1"]
[SourceVersionDate "2022.11.30"]
[SourceQuality "1"]
[WhiteTeam "Sarajevo SK"]
[BlackTeam "Busovaca Hrasno"]
[WhiteTeamCountry "BIH"]
[BlackTeamCountry "BIH"]

1. e4 e5 2. Nf3 Nc6 3. Bb5 a6 4. Ba4 Nf6 5. 0-0 Be7 6. Re1 b5 7. Bb3 0-0 8. a4 Bb7 9. d3 d6 10. Bd2 Nd7 11. axb5 axb5 12. Rxa8 Bxa8 13. Nc3 Nc5 14. Ba2 Qb8 15. Nd5 Bd8 16. b4 Ne6 17. c3 Kh8 18. Bb3 Qc8 19. Bc1 Ne7 20. d4 Ng6 21. g3 c6 22. Ne3 exd4 23. cxd4 c5 24. d5 Ng5 25. Nxg5 Bxg5 26. Nf5 Bxc1 27. Qxc1 c4 28. Bc2 Ne5 29. Qa1 Nf3+ 30. Kh1 f6 31. Re3 Ne5 32. Ra3 Qb8 33. Ra6 Nf7 34. Qa5 g6 35. Nd4 Qe8 36. Ne6 Rg8 37. Nc7 Qe5 38. Rxa8 Ng5 39. Qa1 Rxa8 40. Qxa8+ Kg7 41. Qa7 Kg8 42. Nxb5 Qb2 43. Nd4 Qxb4 44. Ne6 Qe1+ 45. Kg2 1-0

[Event "Arad op 15th"]
[Site "Arad"]
[Date "2022.08.10"]
[Round "4"]
[White "Ungureanu, Sandu"]
[Black "Srbis, Jurica"]
[Result "0-1"]
[WhiteElo "2001"]
[BlackElo "2451"]
[PlyCount "100"]
[EventDate "2022.08.08"]
[EventType "swiss"]
[EventRounds "9"]
[EventCountry "ROU"]
[SourceTitle "CBM 209 Extra"]
[Source "ChessBase"]
[SourceDate "2022.09.30"]
[SourceVersion "1"]
[SourceVersionDate "2022.09.30"]
[SourceQuality "1"]

1. e4 e5 2. Nf3 Nc6 3. d4 exd4 4. Nxd4 Nf6 5. Nxc6 bxc6 6. Bd3 d5 7. Qe2 Be7 8. e5 Nd7 9. e6 Nc5 10. exf7+ Kxf7 11. 0-0 Nxd3 12. Qxd3 Bd6 13. Qf3+ Qf6 14. Qxf6+ gxf6 15. Re1 Bf5 16. c3 a5 17. Be3 Rab8 18. b3 Rhe8 19. Nd2 Ba3 20. Ba7 Ra8 21. Rxe8 Rxe8 22. Bd4 c5 23. Be3 Bb2 24. Rd1 Bxc3 25. Nf3 d4 26. Bd2 Bxd2 27. Rxd2 a4 28. h3 Be4 29. Ne1 axb3 30. axb3 Rb8 31. f3 Bg6 32. Nd3 Rb5 33. Nc1 c4 34. Rxd4 cxb3 35. Nxb3 Rxb3 36. Rd7+ Ke6 37. Rxc7 Bd3 38. Kf2 Rb2+ 39. Ke3 Bg6 40. g3 Rb3+ 41. Kf4 Bd3 42. g4 h6 43. Rc6+ Ke7 44. h4 Be2 45. Rc7+ Kd6 46. Rh7 Rxf3+ 47. Ke4 Bd3+ 48. Kxf3 Bxh7 49. g5 hxg5 50. hxg5 f5 0-1

[Event "Novi Sad Serbia op-A"]
[Site "Novi Sad"]
[Date "2022.07.03"]
[Round "6"]
[White "Srbis, Jurica"]
[Black "Eren, Ataberk"]
[Result "1-0"]
[WhiteElo "2472"]
[BlackElo "2204"]
[PlyCount "109"]
[EventDate "2022.06.28"]
[EventType "swiss"]
[EventRounds "9"]
[EventCountry "SRB"]
[SourceTitle "EXT 2023"]
[Source "ChessBase"]
[SourceDate "2022.10.05"]
[SourceVersion "1"]
[SourceVersionDate "2022.10.05"]
[SourceQuality "1"]

1. e4 e5 2. Nc3 Nf6 3. d4 exd4 4. Qxd4 Nc6 5. Qd3 Bb4 6. Bd2 0-0 7. 0-0-0 Re8 8. Nge2 d6 9. Bg5 Be6 10. f4 Bc5 11. f5 Bd7 12. Nd5 Nb4 13. Nxb4 Bxb4 14. Nf4 h6 15. Bh4 Bc6 16. Nh5 Nxh5 17. Bxd8 Raxd8 18. Qb3 Ba5 19. Bc4 Rd7 20. Bd5 Nf6 21. Bxc6 bxc6 22. Qa4 Re5 23. Qxc6 Rxe4 24. Qa8+ Kh7 25. Qxa7 Bb6 26. Qa6 Rde7 27. Kb1 Re2 28. a4 Bc5 29. h3 R7e3 30. Rd3 Re5 31. Qc4 Rxg2 32. Qxf7 Bb6 33. b4 Re4 34. Qb3 Bg1 35. Rg3 Rxg3 36. Qxg3 Rxb4+ 37. Kc1 Bc5 38. Re1 d5 39. Qxc7 Rc4 40. Qg3 Ne4 41. Qg6+ Kh8 42. Rxe4 Rxe4 43. f6 Be3+ 44. Kd1 gxf6 45. Qxf6+ Kg8 46. a5 Bg5 47. Qg6+ Kf8 48. Qd6+ Ke8 49. a6 Be3 50. Qb8+ Kf7 51. a7 Bxa7 52. Qxa7+ Kf6 53. Qb6+ Re6 54. Qd4+ Re5 55. Qf4+ 1-0